000 00234nam a2200097Ia 4500
005 20251222114348.0
008 251222s1900||||xx |||||||||||||| ||spa||
082 _aDVD0060/V39/2005
245 0 _aEl destino no tiene favoritos
942 _cDVD
999 _c1126
_d1126